000 00603nam a22001937a 4500
005 20251108164918.0
008 250721s1994 xx 000 0 ara d
082 1 4 _a613.7/ريو
100 1 _aريوكو، ركالو
245 1 0 _aكن رشيقا خلال 24 يوما /
264 1 _aبيروت :
_bالدار العربية للعلوم،
_c1994.
300 _a174ص
650 1 7 _aالصحة
650 1 7 _aاللياقة البدنية
650 1 7 _aالتمرينات الرياضية
710 2 _aمركز التعريب و البرمجة
_eترجمة
942 _2ddc
_cBK
999 _c17299
_d17299